000 00590nam a2200193Ia 4500
005 20250508161049.0
008 008 250505s9999 xx 000 0 eng d
037 _aTextual
040 _aFEDL
_beng
_cFEDL
041 _aeng
_2eng
084 _a301.2, VAT
_qFEDL
100 _aVatsyayan Kapila Malik
_9770152
245 0 _aSome aspects of cultural policies in India
260 _aParis, France
_bUnited Nations Educational Scientific and Cultural Organization
_c1972
300 _a105p.
650 _aSociology
942 _cTEXL
_h301.2, VAT
999 _c1368222
_d1368222